| 000 | 00767nmc a2200265 a 4500 | ||
|---|---|---|---|
| 003 | AR-BaBNM | ||
| 005 | 20251128204133.0 | ||
| 008 | 302120s1989 ||||||||||||||000 | spa|| | ||
| 020 | _a950-25-1836-5- | ||
| 040 | _cAR-BaBNM | ||
| 100 | 1 |
_aAndersen, Hans Christian _d1805-1875 |
|
| 245 | 1 | 0 | _aLa reina de las nieves y otros cuentos |
| 260 |
_aBuenos Aires _bCentro Editor de América Latina _c1989 |
||
| 300 | 0 | _a130 p. | |
| 490 | 0 |
_aBiblioteca básica universal _vv. 11 |
|
| 500 | 0 | _aEstudio preliminar de Graciela Montes | |
| 650 | 4 | _aLITERATURA INFANTIL | |
| 650 | 4 | _aCUENTOS DE HADAS | |
| 650 | 4 | _aSIGLO DIECINUEVE | |
| 653 | 0 | _aLITERATURA DANESA | |
| 655 | _aLITERATURA | ||
| 700 | 1 |
_aMontes, Graciela _eprologuista |
|
| 942 | _cBK | ||
| 998 | _cMARTA | ||
| 999 |
_c6319 _d6319 |
||